000
00271 a2200085 4500
020
_a
9780500343050
100
_a
Jane Burry and Mark Burry
245
_a
Prototyping for Architects: Real Building for the Next Generation of Digital Designers
260
_b
Thames & Hudson
_c
2016
999
_c
13349
_d
13349